00524 a2200145 4500003000500000005001700005040000900022082001600031100001900047245011100066260005100177300001000228505011600238650002400354Nust20230404112938.0 cNust a909.581,FRA aFraser-Tytler, aAfghanistan: A study of political developments in central and southern Asia / cW. K. Fraser-Tytler, 1886- a London, New Yorkb [etc.] Oxford U.P.,c1967. a330:p aThe Country of The Hidu Kush (Page-3), The Kingdom of Afghanistan (Page-47),The Past and The Future (Page-275). aHistory of Afghan